Normal view
MARC view
Entry Término temático
001 - NÚMERO DE CONTROL
- campo de control: 138299
003 - IDENTIFICADOR DEL NÚMERO DE CONTROL
- campo de control: OSt
005 - FECHA Y HORA DE LA ÚLTIMA TRANSACCIÓN
- campo de control: 20220127155849.0
008 - DATOS DE LONGITUD FIJA
- campo de control de longitud fija: 220127|| aca||aabn | a|a d
040 ## - FUENTE DE LA CATALOGACIÓN
- Centro catalogador/agencia de origen: OSt
- Centro/agencia transcriptor: OSt
150 ## - ENCABEZAMIENTO--TÉRMINO DE MATERIA
- Término de materia o nombre geográfico como elemento de entrada: Gramineas
- Subdivisión general:
- Subdivisión general: Botánica
- Subdivisión general:
- Subdivisión general: México
670 ## - FUENTE DE DATOS ENCONTRADOS
- Cita de la fuente: Work cat.: (OSt)164215: McVaugh, Rogers, 1909-2009 138297, Flora novo-galiciana : A descriptive account of the vascular plants of western mexico /
